Campioni del Mondo Superbike - Statistics

Statistiche generali
  • Questo quiz è stato fatto 37 volte
  • Il punteggio medio è 20 su 34
Statistiche sulle risposte
Anno Pilota Nazione Costruttore % Corretto
2015 Jonathan Rea Regno Unito Kawasaki
90%
2016 Jonathan Rea Regno Unito Kawasaki
90%
2017 Jonathan Rea Regno Unito Kawasaki
90%
2018 Jonathan Rea Regno Unito Kawasaki
90%
2019 Jonathan Rea Regno Unito Kawasaki
90%
2020 Jonathan Rea Regno Unito Kawasaki
90%
2010 Max Biaggi Italia Aprilia
90%
2012 Max Biaggi Italia Aprilia
90%
2021 Toprak Razgatlıoğlu Turchia Yamaha
84%
2001 Troy Bayliss Australia Ducati
81%
2006 Troy Bayliss Australia Ducati
81%
2008 Troy Bayliss Australia Ducati
81%
2013 Tom Sykes Regno Unito Kawasaki
74%
2014 Sylvain Guintoli Francia Aprilia
71%
2009 Ben Spies Stati Uniti Yamaha
61%
2000 Colin Edwards Stati Uniti Honda
61%
2002 Colin Edwards Stati Uniti Honda
61%
1994 Carl Fogarty Regno Unito Ducati
58%
1995 Carl Fogarty Regno Unito Ducati
58%
1998 Carl Fogarty Regno Unito Ducati
58%
1999 Carl Fogarty Regno Unito Ducati
58%
2011 Carlos Checa Spagna Ducati
52%
1996 Troy Corser Australia Ducati
48%
2005 Troy Corser Australia Suzuki
48%
2004 James Toseland Regno Unito Ducati
32%
2007 James Toseland Regno Unito Honda
32%
2003 Neil Hodgson Regno Unito Ducati
29%
1993 Scott Russell Stati Uniti Kawasaki
29%
1991 Doug Polen Stati Uniti Ducati
26%
1992 Doug Polen Stati Uniti Ducati
26%
1997 John Kocinski Stati Uniti Honda
26%
1988 Fred Merkel Stati Uniti Honda
23%
1989 Fred Merkel Stati Uniti Honda
23%
1990 Raymond Roche Francia Ducati
19%
Nessun quiz corrispondente trovato
Distribuzione punteggi
Percentuale di utenti per punteggio
Percentile per numero di risposta
I tuoi punteggi nel tempo
Non hai fatto questo quiz